[Event "C14"]
[Site "?"]
[Date "2016.08.06"]
[Round "10.2"]
[White "Kokoszczynski, Jan"]
[Black "Teclaf, Pawel"]
[Result "0-1"]
[LiveChessVersion "1.4.8"]
[BlackElo "2233"]
[WhiteElo "1837"]

1. e4 {[%clk 0:03:03]} e6 {[%clk 0:02:59]} 2. d4 {[%clk 0:03:05]} d5 3. Nd2 Nf6
{[%clk 0:03:00]} 4. e5 {[%clk 0:03:07]} Nfd7 {[%clk 0:03:01]} 5. Bd3
{[%clk 0:03:09]} c5 6. c3 Nc6 {[%clk 0:03:03]} 7. Ne2 {[%clk 0:03:12]} cxd4
{[%clk 0:03:04]} 8. cxd4 {[%clk 0:03:13]} f6 {[%clk 0:03:05]} 9. exf6
{[%clk 0:03:15]} Qxf6 {[%clk 0:03:07]} 10. Nf3 {[%clk 0:03:14]} h6
{[%clk 0:03:08]} 11. O-O {[%clk 0:03:13]} Bd6 {[%clk 0:03:09]} 12. Ng3
{[%clk 0:03:11]} O-O {[%clk 0:03:10]} 13. Be3 {[%clk 0:03:10]} e5
{[%clk 0:03:08]} 14. dxe5 {[%clk 0:03:10]} Ndxe5 {[%clk 0:03:09]} 15. Nxe5
{[%clk 0:03:07]} Nxe5 {[%clk 0:03:09]} 16. Be2 {[%clk 0:02:21]} Be6
{[%clk 0:03:07]} 17. Bd4 {[%clk 0:02:21]} Qe7 {[%clk 0:02:39]} 18. Re1
{[%clk 0:02:18]} Qd7 {[%clk 0:02:25]} 19. Qb3 {[%clk 0:01:55]} Nc6
{[%clk 0:02:12]} 20. Bb5 {[%clk 0:00:55]} Qf7 {[%clk 0:02:00]} 21. Bxc6
{[%clk 0:00:51]} bxc6 22. Qc3 c5 {[%clk 0:01:41]} 23. Bxc5 {[%clk 0:00:27]} Rac8
{[%clk 0:01:41]} 24. b4 {[%clk 0:00:29]} Bxc5 {[%clk 0:01:38]} 25. bxc5
{[%clk 0:00:31]} Qxf2+ {[%clk 0:01:34]} 26. Kh1 {[%clk 0:00:32]} d4
{[%clk 0:01:35]} 27. Qd3 {[%clk 0:00:25]} Bd5 {[%clk 0:01:28]} 28. Ne4
{[%clk 0:00:12]} Bxe4 {[%clk 0:01:28]} 29. Rxe4 {[%clk 0:00:11]} Rxc5
{[%clk 0:01:22]} 30. Rxd4 Rc3 {[%clk 0:01:00]} 31. Qd1 {[%clk 0:00:06]} Rc2
{[%clk 0:01:01]} 32. Qg1 {[%clk 0:00:05]} Qxg1+ {[%clk 0:01:01]} 33. Kxg1
{[%clk 0:00:06]} Rff2 {[%clk 0:01:01]} 34. Rg4 {[%clk 0:00:08]} Rxa2
{[%clk 0:00:58]} 35. Rb1 {[%clk 0:00:09]} Rfb2 {[%clk 0:00:51]} 36. Rc1
{[%clk 0:00:10]} Rb7 {[%clk 0:00:52]} 37. h3 {[%clk 0:00:08]} Kh7
{[%clk 0:00:50]} 38. Rcc4 {[%clk 0:00:06]} a5 {[%clk 0:00:50]} 39. Kh2
{[%clk 0:00:04]} Ra7 {[%clk 0:00:50]} 40. Ra4 {[%clk 0:00:05]} Rxa4
{[%clk 0:00:51]} 41. Rxa4 {[%clk 0:00:06]} Kg6 {[%clk 0:00:51]} 42. Kg3
{[%clk 0:00:08]} Kf5 {[%clk 0:00:52]} 43. Kf3 {[%clk 0:00:09]} Ke5
{[%clk 0:00:54]} 44. Ke3 {[%clk 0:00:10]} Kd5 {[%clk 0:00:55]} 45. Kd3
{[%clk 0:00:11]} Kc5 {[%clk 0:00:56]} 46. Kc3 {[%clk 0:00:12]} Kb5
{[%clk 0:00:57]} 47. Rg4 {[%clk 0:00:12]} a4 {[%clk 0:00:54]} 48. Kb2
{[%clk 0:00:13]} a3+ 49. Ka2 {[%clk 0:00:15]} g5 {[%clk 0:00:50]} 50. Rg3
{[%clk 0:00:16]} Kc5 {[%clk 0:00:51]} 51. Rb3 {[%clk 0:00:16]} Ra6
{[%clk 0:00:48]} 52. Rc3+ {[%clk 0:00:16]} Kd4 {[%clk 0:00:49]} 53. Rb3
{[%clk 0:00:18]} Ke4 {[%clk 0:00:45]} 54. Rb4+ {[%clk 0:00:18]} Ke3
{[%clk 0:00:44]} 55. Rb3+ {[%clk 0:00:19]} Kf2 {[%clk 0:00:45]} 56. g3
{[%clk 0:00:15]} Kg2 {[%clk 0:00:44]} 57. h4 {[%clk 0:00:05]} g4 {[%clk 0:00:45]}
58. Re3 {[%clk 0:00:06]} h5 {[%clk 0:00:32]} 59. Rb3 {[%clk 0:00:07]} Rf6
{[%clk 0:00:23]} 60. Rxa3 {[%clk 0:00:08]} Rf2+ {[%clk 0:00:24]} 61. Kb1
{[%clk 0:00:09]} Rf3 {[%clk 0:00:23]} 62. Ra5 {[%clk 0:00:10]} Kxg3
{[%clk 0:00:21]} 63. Rxh5 {[%clk 0:00:11]} Kh3 {[%clk 0:00:23]} 64. Kc2
{[%clk 0:00:06]} g3 {[%clk 0:00:24]} 65. Kd2 {[%clk 0:00:05]} g2 {[%clk 0:00:25]}
66. Rg5 {[%clk 0:00:07]} Rg3 {[%clk 0:00:26]} 0-1

[Event "C14"]
[Site "?"]
[Date "2016.08.06"]
[Round "10.3"]
[White "Pytel, Maciej"]
[Black "Psyk, Radoslaw"]
[Result "0-1"]
[LiveChessVersion "1.4.8"]
[BlackElo "2089"]
[WhiteElo "1783"]

1. e4 {[%clk 0:03:03]} Nf6 {[%clk 0:03:03]} 2. e5 {[%clk 0:03:03]} Nd5
{[%clk 0:03:04]} 3. d4 {[%clk 0:03:04]} d6 {[%clk 0:03:06]} 4. Nf3
{[%clk 0:03:04]} dxe5 {[%clk 0:03:06]} 5. dxe5 {[%clk 0:03:03]} Bf5
{[%clk 0:03:02]} 6. Bd3 {[%clk 0:02:54]} Bxd3 {[%clk 0:02:22]} 7. Qxd3
{[%clk 0:02:55]} e6 {[%clk 0:02:21]} 8. O-O {[%clk 0:02:53]} Nc6 {[%clk 0:02:23]}
9. a3 {[%clk 0:02:52]} Be7 {[%clk 0:02:19]} 10. c4 {[%clk 0:02:45]} Nb6
{[%clk 0:02:20]} 11. Qe4 {[%clk 0:02:44]} O-O {[%clk 0:02:09]} 12. Nc3
{[%clk 0:02:42]} Na5 {[%clk 0:01:57]} 13. Nd2 {[%clk 0:02:33]} c5
{[%clk 0:01:50]} 14. Rb1 {[%clk 0:02:23]} Qd4 {[%clk 0:01:34]} 15. Qxd4
{[%clk 0:02:18]} cxd4 {[%clk 0:01:35]} 16. Nb5 {[%clk 0:02:17]} Rfd8
{[%clk 0:01:22]} 17. Nf3 {[%clk 0:02:12]} Naxc4 {[%clk 0:01:16]} 18. Nbxd4
{[%clk 0:02:04]} Nxe5 {[%clk 0:01:14]} 19. Nxe5 {[%clk 0:02:04]} Rxd4
{[%clk 0:01:15]} 20. Be3 {[%clk 0:02:05]} Rd5 {[%clk 0:01:14]} 21. Bxb6
{[%clk 0:02:00]} Rxe5 {[%clk 0:01:13]} 22. Be3 {[%clk 0:01:59]} Bc5
{[%clk 0:00:53]} 23. Bxc5 {[%clk 0:01:59]} Rxc5 {[%clk 0:00:54]} 24. Rbc1
{[%clk 0:02:00]} Rac8 {[%clk 0:00:55]} 25. Rxc5 {[%clk 0:02:01]} Rxc5
{[%clk 0:00:56]} 26. Rd1 {[%clk 0:02:03]} Kf8 {[%clk 0:00:56]} 27. h3
{[%clk 0:02:02]} Ke7 {[%clk 0:00:57]} 28. Rd4 {[%clk 0:02:01]} Rc1+
{[%clk 0:00:56]} 29. Kh2 {[%clk 0:02:02]} Rc2 {[%clk 0:00:53]} 30. Rb4
{[%clk 0:02:03]} b6 {[%clk 0:00:54]} 31. Kg3 {[%clk 0:02:04]} Kd6
{[%clk 0:00:54]} 32. Rb3 {[%clk 0:02:01]} e5 {[%clk 0:00:52]} 33. Kf3
{[%clk 0:02:01]} f5 {[%clk 0:00:52]} 34. g4 {[%clk 0:01:52]} g6 {[%clk 0:00:49]}
35. Ke3 {[%clk 0:01:47]} fxg4 {[%clk 0:00:43]} 36. hxg4 {[%clk 0:01:47]} h5
{[%clk 0:00:44]} 37. gxh5 {[%clk 0:01:43]} gxh5 {[%clk 0:00:46]} 38. Rd3+
{[%clk 0:01:44]} Ke6 {[%clk 0:00:46]} 39. b4 {[%clk 0:01:45]} Kf5
{[%clk 0:00:42]} 40. Kf3 {[%clk 0:01:46]} e4+ {[%clk 0:00:43]} 0-1

[Event "C14"]
[Site "?"]
[Date "2016.08.06"]
[Round "10.5"]
[White "Ochowicz, Jakub"]
[Black "Mis, Mieszko"]
[Result "1-0"]
[LiveChessVersion "1.4.8"]
[BlackElo "1863"]
[WhiteElo "1786"]

1. e4 c6 2. d3 d5 3. Nd2 g6 4. Ngf3 Bg7 5. g3 dxe4 6. dxe4 Nd7 7. Bg2 Ngf6 8. O-O
O-O 9. Qe2 Qc7 10. c3 a5 11. Nc4 b5 12. Bf4 Qd8 13. Nce5 Nxe5 14. Nxe5 Qb6 15.
Be3 Qc7 16. f4 Ba6 17. Bc5 Rfe8 18. Qe3 Nd7 19. Nxd7 Qxd7 20. e5 Qe6 21. Qe4 Rac8
22. Rfd1 f6 23. exf6 exf6 24. Qxe6+ Rxe6 25. Bf3 f5 26. Rd7 b4 27. cxb4 axb4 28.
Bxb4 Bxb2 29. Rad1 Rce8 30. Bc5 Bf6 31. Rc7 Bb5 32. Rdd7 Re1+ 33. Kf2 R1e6 34.
Rxh7 Be2 35. Rhd7 Bxf3 36. Kxf3 Bh8 37. a4 Re1 38. Kg2 R1e2+ 39. Kh3 Re1 40. Rxc6
R1e6 41. Rxe6 Rxe6 42. Rd8+ Kh7 43. Rd7+ Kg8 44. a5 Bc3 45. Rd8+ Kf7 46. Rf8+ Kg7
47. Ra8 Rc6 48. Bb6 Kf7 49. Ra7+ Kf6 50. Rc7 Re6 51. Rxc3 Re1 52. Bd4+ Ke6 53.
Be5 Kd5 54. Rd3+ Ke4 55. Rd4+ Kf3 56. Rd3+ Ke4 57. Rd2 Rb1 58. a6 Rb3 59. a7 Ra3
60. Bb8 Ke3 61. Rb2 Kd3 62. Rb6 Kc4 63. Rxg6 Kd5 64. Rg5 Ke4 65. Rg6 Kf3 66. Rb6
Ra5 67. Rb3+ Kf2 68. Be5 Rxa7 69. Bd4+ Ke2 70. Bxa7 1-0

[Event "C14"]
[Site "?"]
[Date "2016.08.07"]
[Round "11.1"]
[White "Kozak, Antoni"]
[Black "Teclaf, Pawel"]
[Result "0-1"]
[LiveChessVersion "1.4.8"]
[BlackElo "2233"]
[WhiteElo "1772"]

1. e4 {[%clk 0:03:03]} c5 {[%clk 0:03:04]} 2. Nf3 {[%clk 0:03:04]} e6
{[%clk 0:03:05]} 3. d4 {[%clk 0:03:05]} cxd4 {[%clk 0:03:06]} 4. Nxd4
{[%clk 0:03:05]} Nf6 {[%clk 0:03:07]} 5. Nc3 {[%clk 0:03:06]} d6 {[%clk 0:03:09]}
6. g4 {[%clk 0:03:05]} h6 {[%clk 0:03:00]} 7. g5 {[%clk 0:02:59]} hxg5
{[%clk 0:03:01]} 8. Bxg5 {[%clk 0:03:00]} Nc6 {[%clk 0:02:57]} 9. Qd2
{[%clk 0:02:58]} a6 {[%clk 0:02:46]} 10. O-O-O {[%clk 0:02:58]} Qc7
{[%clk 0:02:45]} 11. Bg2 {[%clk 0:02:16]} Bd7 {[%clk 0:02:40]} 12. Bxf6
{[%clk 0:01:59]} gxf6 {[%clk 0:02:40]} 13. Kb1 {[%clk 0:01:58]} O-O-O
{[%clk 0:02:28]} 14. f4 {[%clk 0:01:57]} Kb8 {[%clk 0:02:28]} 15. f5
{[%clk 0:01:47]} Ne5 {[%clk 0:02:27]} 16. fxe6 {[%clk 0:01:45]} fxe6
{[%clk 0:02:28]} 17. h4 {[%clk 0:01:09]} Rc8 {[%clk 0:02:22]} 18. Qf2
{[%clk 0:01:05]} Bh6 {[%clk 0:02:04]} 19. Qxf6 {[%clk 0:00:50]} Rcf8
{[%clk 0:02:06]} 20. Qe7 {[%clk 0:00:35]} Ng6 {[%clk 0:01:59]} 21. Nxe6
{[%clk 0:00:23]} Nxe7 {[%clk 0:01:59]} 22. Nxc7 {[%clk 0:00:23]} Kxc7
{[%clk 0:01:59]} 23. Rd3 Bf4 {[%clk 0:01:56]} 24. Rhd1 {[%clk 0:00:19]} Be5
{[%clk 0:01:54]} 25. Rh1 {[%clk 0:00:15]} Rf2 {[%clk 0:01:53]} 26. Bf1
{[%clk 0:00:13]} Bg4 {[%clk 0:01:49]} 27. Nd1 {[%clk 0:00:08]} Rh2
{[%clk 0:01:28]} 28. Rxh2 {[%clk 0:00:07]} Bxh2 29. Ne3 Be6 {[%clk 0:01:30]} 30.
Nd1 {[%clk 0:00:04]} Rxh4 {[%clk 0:01:28]} 31. b3 {[%clk 0:00:05]} Be5
{[%clk 0:01:27]} 32. Rf3 {[%clk 0:00:04]} Rh1 {[%clk 0:01:26]} 33. Be2
{[%clk 0:00:04]} Bg4 {[%clk 0:01:25]} 34. Rf7 {[%clk 0:00:05]} Bxe2
{[%clk 0:01:26]} 35. Rxe7+ {[%clk 0:00:06]} Kb6 {[%clk 0:01:27]} 0-1

[Event "C14"]
[Site "?"]
[Date "2016.08.07"]
[Round "11.2"]
[White "Pultorak, Jan"]
[Black "Psyk, Radoslaw"]
[Result "0-1"]
[LiveChessVersion "1.4.8"]
[BlackElo "2089"]
[WhiteElo "1821"]

1. d4 {[%clk 0:03:02]} Nf6 {[%clk 0:03:03]} 2. c4 {[%clk 0:03:04]} e6
{[%clk 0:03:04]} 3. Nc3 {[%clk 0:03:04]} d5 {[%clk 0:02:58]} 4. cxd5
{[%clk 0:03:05]} exd5 {[%clk 0:02:59]} 5. Bg5 {[%clk 0:03:06]} c6
{[%clk 0:02:59]} 6. e3 {[%clk 0:03:06]} Nbd7 {[%clk 0:03:00]} 7. Bd3
{[%clk 0:03:07]} Be7 {[%clk 0:03:01]} 8. Nge2 {[%clk 0:03:08]} O-O
{[%clk 0:03:01]} 9. Qc2 {[%clk 0:03:09]} Re8 {[%clk 0:03:00]} 10. O-O
{[%clk 0:03:09]} Nf8 {[%clk 0:03:01]} 11. f3 {[%clk 0:03:07]} Ng6
{[%clk 0:02:53]} 12. e4 {[%clk 0:02:40]} dxe4 {[%clk 0:02:53]} 13. fxe4
{[%clk 0:02:41]} Be6 {[%clk 0:02:43]} 14. Rad1 {[%clk 0:02:25]} Ng4
{[%clk 0:02:07]} 15. Bxe7 {[%clk 0:02:25]} Qxe7 {[%clk 0:02:04]} 16. Qd2
{[%clk 0:02:23]} Rad8 {[%clk 0:01:46]} 17. e5 {[%clk 0:01:49]} c5
{[%clk 0:00:43]} 18. Bxg6 {[%clk 0:01:05]} hxg6 {[%clk 0:00:34]} 19. Qf4
{[%clk 0:00:54]} cxd4 {[%clk 0:00:31]} 20. Nxd4 {[%clk 0:00:52]} Qc5
{[%clk 0:00:28]} 21. Kh1 {[%clk 0:00:48]} Qxe5 {[%clk 0:00:27]} 22. Nxe6
{[%clk 0:00:35]} Qxe6 {[%clk 0:00:22]} 23. Rxd8 {[%clk 0:00:36]} Rxd8
{[%clk 0:00:22]} 24. Ne4 {[%clk 0:00:37]} Qxe4 25. Qxf7+ {[%clk 0:00:27]} Kh7
{[%clk 0:00:17]} 26. h3 {[%clk 0:00:19]} Rd2 {[%clk 0:00:18]} 27. Qf3
{[%clk 0:00:15]} Qxf3 28. Rxf3 {[%clk 0:00:15]} Ne5 {[%clk 0:00:18]} 29. Rb3
{[%clk 0:00:15]} b6 {[%clk 0:00:18]} 30. Rb5 {[%clk 0:00:16]} Nd3
{[%clk 0:00:17]} 31. Rb3 {[%clk 0:00:13]} Nxb2 {[%clk 0:00:16]} 32. Kh2
{[%clk 0:00:14]} Nd1 {[%clk 0:00:16]} 33. Kg3 {[%clk 0:00:14]} Rxa2
{[%clk 0:00:17]} 34. Kf3 {[%clk 0:00:13]} Rf2+ {[%clk 0:00:17]} 35. Kg3
{[%clk 0:00:14]} Rf5 {[%clk 0:00:17]} 36. Ra3 {[%clk 0:00:15]} a5
{[%clk 0:00:18]} 37. h4 {[%clk 0:00:15]} Nf2 {[%clk 0:00:17]} 38. Kh2
{[%clk 0:00:14]} Ng4+ {[%clk 0:00:15]} 39. Kh3 {[%clk 0:00:15]} Nf6
{[%clk 0:00:16]} 40. g4 {[%clk 0:00:16]} Rc5 {[%clk 0:00:17]} 41. Rb3
{[%clk 0:00:14]} Nd5 {[%clk 0:00:16]} 0-1

[Event "C14"]
[Site "?"]
[Date "2016.08.07"]
[Round "11.3"]
[White "Szpar, Milosz"]
[Black "Lis, Mateusz"]
[Result "1-0"]
[LiveChessVersion "1.4.8"]
[BlackElo "1977"]
[WhiteElo "2000"]

1. e4 {[%clk 0:03:04]} c5 {[%clk 0:03:03]} 2. Nf3 {[%clk 0:03:05]} e6
{[%clk 0:03:05]} 3. d4 {[%clk 0:03:05]} cxd4 {[%clk 0:03:06]} 4. Nxd4
{[%clk 0:03:06]} a6 {[%clk 0:03:07]} 5. Bd3 {[%clk 0:03:06]} Nf6 {[%clk 0:03:07]}
6. Qe2 {[%clk 0:03:07]} d6 {[%clk 0:03:06]} 7. O-O {[%clk 0:03:06]} Qc7
{[%clk 0:03:07]} 8. c4 {[%clk 0:03:04]} Nbd7 {[%clk 0:03:08]} 9. Nc3
{[%clk 0:03:04]} b6 {[%clk 0:03:08]} 10. Bd2 {[%clk 0:02:52]} Bb7
{[%clk 0:03:02]} 11. Rae1 {[%clk 0:02:49]} g6 {[%clk 0:02:09]} 12. f4
{[%clk 0:02:48]} Bg7 {[%clk 0:01:54]} 13. Nf3 {[%clk 0:02:49]} Nc5
{[%clk 0:01:43]} 14. Kh1 {[%clk 0:02:24]} Nxd3 {[%clk 0:01:36]} 15. Qxd3
{[%clk 0:02:25]} Nd7 {[%clk 0:01:37]} 16. b3 {[%clk 0:02:01]} O-O
{[%clk 0:01:36]} 17. Qe3 {[%clk 0:01:35]} Qc5 {[%clk 0:01:28]} 18. Qe2
{[%clk 0:01:31]} Rac8 {[%clk 0:01:28]} 19. Rc1 {[%clk 0:01:17]} Qc7
{[%clk 0:01:22]} 20. Be3 {[%clk 0:01:13]} Rfe8 {[%clk 0:01:22]} 21. Bd4
{[%clk 0:01:10]} e5 {[%clk 0:00:36]} 22. Be3 {[%clk 0:01:10]} Nc5
{[%clk 0:00:30]} 23. fxe5 {[%clk 0:00:55]} dxe5 {[%clk 0:00:18]} 24. Nd5
{[%clk 0:00:51]} Bxd5 {[%clk 0:00:19]} 25. cxd5 {[%clk 0:00:50]} Qd6
{[%clk 0:00:19]} 26. Bd2 {[%clk 0:00:49]} a5 {[%clk 0:00:18]} 27. Rfe1
{[%clk 0:00:36]} Rcd8 {[%clk 0:00:19]} 28. Qb5 {[%clk 0:00:35]} Rc8
{[%clk 0:00:19]} 29. b4 {[%clk 0:00:31]} Nb7 {[%clk 0:00:13]} 30. Rc6
{[%clk 0:00:27]} Rxc6 {[%clk 0:00:11]} 31. dxc6 {[%clk 0:00:28]} Nd8
{[%clk 0:00:11]} 32. Rc1 {[%clk 0:00:30]} Ne6 {[%clk 0:00:10]} 33. bxa5
{[%clk 0:00:23]} bxa5 {[%clk 0:00:10]} 34. Bxa5 {[%clk 0:00:22]} Rc8
{[%clk 0:00:11]} 35. Qd5 {[%clk 0:00:20]} Qa3 {[%clk 0:00:06]} 36. Qd2
{[%clk 0:00:14]} Qa4 {[%clk 0:00:06]} 37. c7 {[%clk 0:00:13]} Qxe4
{[%clk 0:00:07]} 38. Rd1 {[%clk 0:00:09]} Bf6 {[%clk 0:00:07]} 39. Qd7
{[%clk 0:00:09]} Qb7 {[%clk 0:00:08]} 40. Rc1 {[%clk 0:00:08]} Kg7
{[%clk 0:00:09]} 41. Nd2 {[%clk 0:00:09]} Qa6 {[%clk 0:00:10]} 42. Bb4
{[%clk 0:00:09]} Qb7 {[%clk 0:00:11]} 43. Bd6 {[%clk 0:00:10]} e4
{[%clk 0:00:11]} 44. Nxe4 {[%clk 0:00:07]} Nf8 {[%clk 0:00:10]} 45. Qg4
{[%clk 0:00:07]} Bb2 {[%clk 0:00:09]} 46. Rf1 {[%clk 0:00:07]} Ne6
{[%clk 0:00:09]} 47. Qf3 {[%clk 0:00:08]} f5 {[%clk 0:00:10]} 48. Nd2
{[%clk 0:00:08]} Qxf3 {[%clk 0:00:11]} 49. Nxf3 {[%clk 0:00:09]} Bf6
{[%clk 0:00:11]} 50. Rc1 {[%clk 0:00:10]} Kf7 {[%clk 0:00:12]} 51. Ne5+
{[%clk 0:00:11]} Bxe5 {[%clk 0:00:12]} 52. Bxe5 {[%clk 0:00:12]} Ke8
{[%clk 0:00:14]} 53. a4 {[%clk 0:00:13]} Kd7 {[%clk 0:00:15]} 54. Rd1+
{[%clk 0:00:14]} Kc6 {[%clk 0:00:15]} 55. Rd6+ {[%clk 0:00:14]} Kxc7
{[%clk 0:00:08]} 56. Rxe6+ {[%clk 0:00:14]} Kd7 {[%clk 0:00:09]} 57. Rd6+
{[%clk 0:00:15]} Ke7 {[%clk 0:00:11]} 58. h3 {[%clk 0:00:16]} Rc5 59. Bg3
{[%clk 0:00:15]} f4 {[%clk 0:00:07]} 60. Bxf4 Rc4 61. Bg3 {[%clk 0:00:16]} Rxa4
{[%clk 0:00:10]} 62. Rb6 {[%clk 0:00:15]} Kf7 {[%clk 0:00:09]} 63. Rb7+
{[%clk 0:00:16]} Kg8 {[%clk 0:00:11]} 64. Kh2 {[%clk 0:00:18]} h5
{[%clk 0:00:10]} 1-0

[Event "C14"]
[Site "?"]
[Date "2016.08.07"]
[Round "11.4"]
[White "Kosakowski, Jakub"]
[Black "Szczurek, Krzysztof"]
[Result "1-0"]
[LiveChessVersion "1.4.8"]
[BlackElo "1939"]
[WhiteElo "2191"]

1. e4 {[%clk 0:03:03]} d5 2. exd5 {[%clk 0:03:02]} Qxd5 {[%clk 0:03:03]} 3. Nc3
{[%clk 0:03:02]} Qa5 {[%clk 0:03:03]} 4. d4 {[%clk 0:03:03]} c6 {[%clk 0:03:04]}
5. Nf3 {[%clk 0:03:03]} Nf6 {[%clk 0:03:05]} 6. Bc4 {[%clk 0:03:03]} Bf5
{[%clk 0:03:01]} 7. Bd2 {[%clk 0:03:03]} Qc7 {[%clk 0:03:00]} 8. Qe2
{[%clk 0:03:03]} e6 {[%clk 0:03:00]} 9. O-O-O {[%clk 0:03:03]} Nbd7
{[%clk 0:02:59]} 10. Nh4 {[%clk 0:02:58]} Bg4 {[%clk 0:02:35]} 11. f3
{[%clk 0:02:59]} Bh5 {[%clk 0:02:35]} 12. g4 {[%clk 0:02:56]} Bg6
{[%clk 0:02:35]} 13. Nxg6 {[%clk 0:02:51]} hxg6 {[%clk 0:02:36]} 14. g5
{[%clk 0:02:49]} Nh5 {[%clk 0:02:36]} 15. d5 {[%clk 0:02:29]} Nf4
{[%clk 0:01:34]} 16. Bxf4 {[%clk 0:02:24]} Qxf4+ {[%clk 0:01:34]} 17. Kb1
{[%clk 0:02:25]} Ne5 {[%clk 0:01:16]} 18. dxe6 {[%clk 0:01:50]} Nxc4
{[%clk 0:00:58]} 19. Rhe1 {[%clk 0:01:52]} f6 {[%clk 0:00:53]} 20. e7
{[%clk 0:01:53]} Ne5 {[%clk 0:00:45]} 21. exf8=Q+ {[%clk 0:01:48]} Kxf8
{[%clk 0:00:40]} 22. gxf6 {[%clk 0:01:15]} gxf6 {[%clk 0:00:41]} 23. Rd6
{[%clk 0:01:09]} Rxh2 {[%clk 0:00:36]} 24. Rxf6+ {[%clk 0:01:08]} Qxf6
{[%clk 0:00:34]} 25. Qxh2 {[%clk 0:01:09]} Nxf3 {[%clk 0:00:27]} 26. Qf2
{[%clk 0:01:10]} Rd8 {[%clk 0:00:19]} 27. Ne4 {[%clk 0:01:03]} Qf5
{[%clk 0:00:09]} 28. Rf1 {[%clk 0:00:45]} Nd2+ {[%clk 0:00:08]} 29. Nxd2
{[%clk 0:00:46]} Rxd2 {[%clk 0:00:08]} 30. Qxf5+ {[%clk 0:00:47]} gxf5
{[%clk 0:00:09]} 31. Rxf5+ {[%clk 0:00:48]} Ke7 {[%clk 0:00:10]} 32. b3
{[%clk 0:00:49]} Rd6 {[%clk 0:00:11]} 33. Rh5 {[%clk 0:00:51]} Rf6
{[%clk 0:00:12]} 34. Kb2 {[%clk 0:00:52]} Kd7 {[%clk 0:00:13]} 35. Rh7+
{[%clk 0:00:53]} Kc8 36. Kc3 Rd6 {[%clk 0:00:15]} 37. Kc4 {[%clk 0:00:56]} Rd7
{[%clk 0:00:16]} 38. Rxd7 {[%clk 0:00:49]} Kxd7 {[%clk 0:00:17]} 39. Kd4
{[%clk 0:00:51]} Kd6 {[%clk 0:00:18]} 40. b4 {[%clk 0:00:52]} a6 {[%clk 0:00:17]}
41. a3 {[%clk 0:00:49]} b6 {[%clk 0:00:16]} 42. c3 {[%clk 0:00:46]} c5+
{[%clk 0:00:15]} 43. bxc5+ {[%clk 0:00:41]} bxc5+ {[%clk 0:00:16]} 44. Ke4
{[%clk 0:00:43]} Kc6 {[%clk 0:00:14]} 45. c4 {[%clk 0:00:44]} Kd6
{[%clk 0:00:12]} 46. Kf5 {[%clk 0:00:45]} Kc6 {[%clk 0:00:11]} 47. Ke6
{[%clk 0:00:46]} Kb6 {[%clk 0:00:13]} 48. Kd6 {[%clk 0:00:47]} Ka5
{[%clk 0:00:14]} 49. Kxc5 {[%clk 0:00:47]} Ka4 {[%clk 0:00:16]} 50. Kb6
{[%clk 0:00:48]} Kxa3 {[%clk 0:00:16]} 51. c5 {[%clk 0:00:49]} Kb4
{[%clk 0:00:18]} 52. c6 a5 53. c7 {[%clk 0:00:51]} a4 {[%clk 0:00:21]} 54. c8=Q
{[%clk 0:00:51]} Kb3 {[%clk 0:00:22]} 55. Qh8 {[%clk 0:00:51]} a3
{[%clk 0:00:23]} 56. Qa1 {[%clk 0:00:52]} a2 {[%clk 0:00:25]} 57. Kb5
{[%clk 0:00:53]} Ka3 {[%clk 0:00:26]} 58. Kc4 {[%clk 0:00:54]} 1-0

[Event "C14"]
[Site "?"]
[Date "2016.08.07"]
[Round "11.5"]
[White "Golenia, Jan"]
[Black "Mis, Mieszko"]
[Result "1/2-1/2"]
[LiveChessVersion "1.4.8"]
[BlackElo "1863"]
[WhiteElo "1754"]

1. Nf3 d5 2. d4 Nf6 3. Bf4 c5 4. c3 Nc6 5. e3 Qb6 6. Qc2 Bf5 7. Qc1 e6 8. Nbd2
Be7 9. Be2 O-O 10. O-O Rac8 11. a3 Ne4 12. Nxe4 Bxe4 13. Qd2 Na5 14. dxc5 Qd8 15.
Qd1 Bf6 16. Ne5 Nc6 17. Nxc6 Rxc6 18. Bd6 Re8 19. Bb5 e5 20. Bxc6 bxc6 21. b4 Qd7
22. h3 g6 23. Qa4 h5 24. Rac1 Kg7 25. c4 d4 26. exd4 exd4 27. Rfe1 d3 28. Rcd1
Qf5 29. Qxa7 Bd4 30. Rf1 Qg5 31. g3 Qf5 32. Kh2 Qf3 33. Rg1 Qxf2+ 34. Rg2 Qxg2#
1/2-1/2

[Event "C14"]
[Site "?"]
[Date "2016.08.07"]
[Round "12.1"]
[White "Teclaf, Pawel"]
[Black "Kozak, Antoni"]
[Result "1/2-1/2"]
[LiveChessVersion "1.4.8"]
[BlackElo "1772"]
[WhiteElo "2233"]

1. e4 c6 {[%clk 0:03:04]} 2. d4 {[%clk 0:03:04]} d5 {[%clk 0:03:05]} 3. exd5
{[%clk 0:03:05]} cxd5 {[%clk 0:03:06]} 4. c4 {[%clk 0:03:07]} Nf6
{[%clk 0:03:07]} 5. Nc3 {[%clk 0:03:08]} Nc6 {[%clk 0:03:08]} 6. cxd5
{[%clk 0:03:08]} Nxd5 {[%clk 0:03:09]} 7. Bc4 {[%clk 0:03:09]} e6
{[%clk 0:03:04]} 8. Nf3 {[%clk 0:03:08]} Be7 {[%clk 0:03:05]} 9. O-O
{[%clk 0:03:07]} O-O {[%clk 0:03:05]} 10. Re1 {[%clk 0:02:58]} Bf6
{[%clk 0:02:53]} 11. Be3 {[%clk 0:02:46]} Nxe3 {[%clk 0:02:15]} 12. fxe3
{[%clk 0:02:47]} a6 {[%clk 0:02:15]} 13. Qc2 {[%clk 0:02:33]} b5 {[%clk 0:02:12]}
14. Bd3 {[%clk 0:02:35]} g6 {[%clk 0:02:04]} 15. Qf2 {[%clk 0:02:05]} Bg7
{[%clk 0:02:03]} 16. Rad1 {[%clk 0:02:03]} Bb7 {[%clk 0:02:00]} 17. Bb1
{[%clk 0:02:03]} Qb6 {[%clk 0:01:56]} 18. Ne4 {[%clk 0:02:03]} Rad8
{[%clk 0:01:38]} 19. Nc5 {[%clk 0:02:01]} Ba8 {[%clk 0:01:28]} 20. Qh4
{[%clk 0:01:57]} e5 {[%clk 0:01:21]} 21. Nb3 {[%clk 0:01:31]} exd4
{[%clk 0:01:20]} 22. exd4 {[%clk 0:01:32]} a5 {[%clk 0:01:11]} 23. Kh1
{[%clk 0:00:57]} a4 {[%clk 0:01:12]} 24. Nc5 {[%clk 0:00:36]} Nxd4
{[%clk 0:01:01]} 25. Nxd4 {[%clk 0:00:27]} Qxc5 {[%clk 0:01:00]} 26. Ne6
{[%clk 0:00:22]} Qc6 27. Be4 Qxe6 28. Bxa8 Qb6 1/2-1/2